Loading...
Science - Biology | 0 | 5 | 0 | 1 | 50 | 90 | 104.00 | 1 | 4 |
Science - Physics | 0 | 3 | 0 | 0 | 30 | 109 | 120.67 | 1 | 2 |
History - Other History | 0 | 3 | 0 | 1 | 30 | 120 | 130.33 | 0 | 3 |
Science - Chemistry | 0 | 3 | 0 | 1 | 30 | 98 | 106.67 | 0 | 2 |
Literature - European Literature | 0 | 3 | 0 | 1 | 30 | 139 | 141.00 | 0 | 3 |
Fine Arts - Painting and Sculpture | 0 | 3 | 1 | 1 | 25 | 93 | 113.67 | 1 | 3 |
Science - Other Science | 0 | 2 | 1 | 0 | 15 | 100 | 113.00 | 0 | 2 |
Mythology | 0 | 1 | 0 | 0 | 10 | 123 | 123.00 | 0 | 1 |
Literature - World Literature | 0 | 1 | 0 | 0 | 10 | 111 | 111.00 | 0 | 1 |
Literature - American Literature | 0 | 1 | 0 | 0 | 10 | 142 | 142.00 | 0 | 1 |
Social Science | 0 | 0 | 0 | 0 | 0 | 0.00 | 0 | 0 | |
Philosophy | 0 | 0 | 1 | 0 | -5 | 0.00 | 0 | 0 | |
Fine Arts - Classical Music | 0 | 0 | 1 | 0 | -5 | 0.00 | 0 | 0 |